000 00941nam a2200241Ia 4500
003 Ost
005 20260507074855.0
008 260507s9999||||xx |||||||||||||| ||und||
040 _cfsecg
041 _aara
082 _a330
100 _aعبد الرحيم، محمد ابراهيم
_eمؤلف
245 0 _aالإقتصاد الصناعي والتجارة الإلكترونية /
_c محمد ابراهيم عبد الرحيم
260 _aالاسكندرية:
_bمؤسسة شباب الجامعة,
_c2007
300 _a219 صفحة؛
_bإيضاحات ؛
_c25 سم
504 _aبيبليوغرافيا: ص.213
520 _aيضم الاقتصاد الصناعي، تحديث الصناعة، الاقتصاد الرقمي والمجتمع المعرفي
653 _aالاقتصاد
653 _aالانترنيت
653 _aالتجارة الإلكترونية
653 _aالصناعة
942 _cكتاب
999 _c41606
_d41606